Online
Catalog

El pensamiento vivo de Nietzsche / (Record no. 6731)

MARC details
000 -CABECERA
campo de control de longitud fija 00667cam a22001812 4500
001 - NÚMERO DE CONTROL
campo de control 000006947
005 - FECHA Y HORA DE LA ÚLTIMA TRANSACCIÓN
campo de control 20200929154029.0
008 - DATOS DE LONGITUD FIJA--INFORMACIÓN GENERAL
campo de control de longitud fija 901102s1939 ag 000 0 spa
040 ## - FUENTE DE LA CATALOGACIÓN
Centro catalogador/agencia de origen DO-SdBNP
Centro/agencia transcriptor spa
Centro/agencia modificador BNPHU
100 1# - ENTRADA PRINCIPAL--NOMBRE DE PERSONA
Nombre de persona Nietzsche, Friedrich Wilhelm,
Fechas asociadas al nombre 1844-1900.
9 (RLIN) 19283
245 13 - MENCIÓN DE TÍTULO
Título El pensamiento vivo de Nietzsche /
Mención de responsabilidad, etc. Heinrich Mann ;Traduccion por Vicente Mendivil.
260 ## - PUBLICACIÓN, DISTRIBUCIÓN, ETC.
Lugar de publicación, distribución, etc. Buenos Aires :
Nombre del editor, distribuidor, etc. Editorial Losada,
Fecha de publicación, distribución, etc. 1939.
300 ## - DESCRIPCIÓN FÍSICA
Extensión 252 p. ;
Dimensiones 19 cm.
490 1# - MENCIÓN DE SERIE
Mención de serie Biblioteca del pensamiento vivo
Designación de volumen o secuencia 5
500 ## - NOTA GENERAL
Nota general Incluye datos biográficos del autor en la solapa
700 1# - PUNTO DE ACCESO ADICIONAL--NOMBRE DE PERSONA
Nombre de persona Mann, Heinrich
Término indicativo de función/relación tr.
9 (RLIN) 19284
830 #0 - PUNTO DE ACCESO ADICIONAL DE SERIE-TÍTULO UNIFORME
Título uniforme Biblioteca del pensamiento vivo
Número de parte o sección de la obra 5
9 (RLIN) 19285
Holdings
Estado de retiro Estado de pérdida Restricciones de uso No para préstamo Código de colección Localización permanente Ubicación/localización actual Ubicación en estantería Fecha de adquisición Número de inventario Total de préstamos Signatura topográfica completa Código de barras Fecha visto por última vez Precio válido a partir de Tipo de ítem Koha
    Préstamo interno   Monografías: Libros y Folletos General General Depósito 03.09.2009 LF1   6947-10 25.06.2020 25.06.2020 Préstamo interno

Powered by Koha